Ekonomisk liberalism - Statistics

General Stats
  • This quiz has been taken 69 times
  • The average score is 4 of 14
Answer Stats
Hint Answer % Correct
Under vilket århundrade skapades den ekonomiska liberalismen? 1700-talet
100%
Vem kan sägas vara grundaren till den ekonomiska liberalismen? Adam Smith
71%
Vad är det andra namnet på ekonomisk liberalism? Klassisk teori
43%
Vad är motsatsen till protektionism som ekonomisk liberalism förespråkar? Frihandel
29%
Den ekonomisk liberalismen var kritisk mot flera aspekter som merkantilismen förespråkade. Nämn en sak man kritiserade. Handelshinder|Monopol|Tullar|Ädelmetaller
29%
Vilken historisk händelse som kan sägas bidrar till kapitalismens utformning sker ungefär samtidigt som den ekonomiska liberalismen skapas? Industrialiseringen
29%
Vad kallas begreppet som säger att marknaden kan reglera sig själv utan statlig inbladning? Osynliga handen
29%
En av orsakerna till den ekonomiska liberalismen var också en orsak till merkantilismen, vilken? Upptäcktsfärderna
29%
Vad skapade välstånd enligt den ekonomiska liberalismen? Arbete
14%
Vad används hans begrepp till mest idag? Bevis för att arbetslösheten är naturlig och cyklisk
14%
Vem la fram beviset till svaret i förra frågan? David Ricardo
14%
Vad används som bevis för svaret i förra frågan? Lagen om komparativa fördelar
14%
Vad bidrog Thomas Malthus med inom den ekonomiska liberalismen? Malthusiansk kriscykel
14%
Marxismen uppstår som en reaktion på ekonomisk liberalism, vad är främsta anledningen? Klasskillnader
0%
No matching quizzes found
Score Distribution
Percent of People with Each Score
Percentile by Number Answered
Your Score History
You have not taken this quiz